000 00421nam a22001217a 4500
999 _c9857
_d9857
003 OSt
008 201203b ||||| |||| 00| 0 eng d
245 _aJournal of Knowledge and Communication Management
250 _a2013(Apr Vol.3 No.1, Oct Vol.3 No.2) 2014(Apr Vol.4 No.1, Oct Vol.4 No.2) 2015(Apr Vol.5 No.1, Oct Vol.5 No.2)
260 _bDiva Enterprises Pvt. Ltd.
_aNew Delhi
650 _aManagement
942 _2ddc
_cBV